| 000 | 00493nam a22001817a 4500 | ||
|---|---|---|---|
| 003 | CEME | ||
| 005 | 20210628203314.0 | ||
| 008 | 210125b xxu||||| |||| 00| 0 eng d | ||
| 020 | _a9780521-73312 | ||
| 040 | _c. | ||
| 082 | _a531 GRE | ||
| 100 |
_aGregory, Douglas.R _964602 |
||
| 245 | _aClassical mechanics, an undergraduate text | ||
| 260 |
_aINDIA _bCAMBRIDGE UNIVERSITY PRESS _c2006 |
||
| 300 | _aXII,596P | ||
| 650 |
_aCLASSICAL MECHANICS.TENSOR ALGEBRA. _964603 |
||
| 942 |
_cBK _2ddc |
||
| 999 |
_c573042 _d573042 |
||